Statistics for Every WWE TLC Main Eventer

Click here to take the quiz!

General Stats

  • This quiz has been taken 109 times
    (85 since last reset)
  • The average score is 15 of 23

Answer Stats

Year (s)NameTotal No.% Correct
2010, 2012-2013John Cena3
91%
2015Roman Reigns1
85%
2014, 2016-2017Dean Ambrose3
84%
2017Seth Rollins1
82%
2009Triple H1
81%
2011CM Punk1
79%
2015, 2017Sheamus2
79%
2013Randy Orton1
78%
2009Big Show1
74%
2011, 2017The Miz2
72%
2009Chris Jericho1
69%
2016AJ Styles1
66%
2009Shawn Michaels1
66%
2011Alberto Del Rio1
65%
2012Dolph Ziggler1
57%
2017Cesaro1
54%
2017Kurt Angle1
54%
2014Bray Wyatt1
53%
2017Braun Strowman1
51%
2010Wade Barrett1
38%
2018Asuka1
26%
2018Charlotte Flair1
26%
2018Becky Lynch1
25%

Score Distribution

Percentile by Number Answered

Percent of People with Each Score

Your Score History

You have not taken this quiz since the last reset